Economics and development / (Record no. 6114)

MARC details
000 -LEADER
fixed length control field 00620pam a2200181 a 4500
020 ## - INTERNATIONAL STANDARD BOOK NUMBER
ISBN 007707873X (pbk. : alk. paper)
020 ## - INTERNATIONAL STANDARD BOOK NUMBER
ISBN 9780077078737
050 00 - CALL NUMBER
Classification number HD82
Item number .In4
100 1# - AUTHOR
Personal name Ingham, Barbara.
245 10 - TITLE
Title Economics and development /
Statement of responsibility, etc Barbara Ingham.
260 ## - PUBLICATION INFORMATION
Place of publication London ;
-- New York :
Name of publisher McGraw-Hill,
Year of publication c1995.
300 ## - DESCRIPTION
Number of Pages xi, 412 p. :
Other physical details ill. ;
Dimensions 25 cm.
500 ## - NOTES
General note Includes index.
505 ## - FORMATTED CONTENTS NOTE
Table of Content Part 1: Introductory Methodology. Part 2: Long-Run Trends. Part 3: Policy Issues. Part 4: The International Environment.
650 #0 - SUBJECTS
Topical Term Development economics.
650 #0 - SUBJECTS
Topical Term Economic development.
942 ## - ADDED ENTRY ELEMENTS (KOHA)
Koha item type Books
Holdings
Withdrawn status Lost status Collection code Home library Current library Shelving location Date acquired Source of acquisition Full call number Accession Number Koha item type
    Reference Methodist University Library Main Methodist University Library Main General Stacks   Donation from Mrs. Marian Otto HD82 .In4 7732 Books
Copyright © 2026  MUG Library